「あ」を150回入力 - Statistics

General Stats
  • This quiz has been taken 2,309 times
    2,307 since last reset
  • The average score is 94 of 150
Answer Stats
Answer % Correct
100%
99%
98%
98%
98%
98%
98%
98%
97%
97%
97%
96%
96%
96%
96%
96%
95%
95%
95%
95%
95%
94%
94%
94%
94%
93%
93%
93%
93%
92%
92%
92%
92%
91%
91%
91%
91%
90%
90%
90%
89%
89%
88%
88%
87%
87%
87%
87%
87%
86%
86%
86%
85%
85%
85%
84%
84%
84%
84%
83%
83%
82%
82%
81%
80%
80%
79%
78%
78%
77%
77%
75%
75%
74%
72%
71%
70%
68%
68%
66%
65%
64%
64%
63%
62%
60%
58%
56%
56%
55%
53%
53%
52%
51%
49%
48%
47%
46%
44%
43%
43%
42%
41%
40%
39%
38%
37%
37%
36%
35%
35%
33%
32%
31%
30%
30%
30%
28%
28%
28%
27%
26%
25%
25%
25%
24%
23%
23%
23%
22%
22%
21%
20%
20%
19%
19%
18%
17%
17%
17%
16%
15%
15%
14%
13%
12%
12%
11%
11%
11%
No matching quizzes found
Score Distribution
Percent of People with Each Score
Percentile by Number Answered
Your Score History
You have not taken this quiz since the last reset